[Event "119th NZL-ch op"]
[Site "Queenstown NZL"]
[Date "2012.01.18"]
[Round "4"]
[White "Brown, Kevin"]
[Black "Armstrong, Malcolm"]
[Result "0-1"]
[WhiteElo "1728"]
[BlackElo "2016"]
[EventDate "2012.01.15"]
[PlyCount "152"]

1.b3 e5 2.Bb2 Nc6 3.e3 Nf6 4.Bb5 d6 5.d4 exd4 6.Qxd4 Be7 7.Bxc6+ bxc6 8.c4
O-O 9.Ne2 c5 10.Qd2 Bb7 11.f3 Nd7 12.Nbc3 Bh4+ 13.Ng3 Qg5 14.O-O-O Bxg3 
15.hxg3 Rfe8 16.e4 Qxd2+ 17.Rxd2 f6 18.Rhd1 Bc6 19.Nd5 Bxd5 20.Rxd5 Ne5 
21.Bxe5 fxe5 22.g4 a5 23.a4 Kf7 24.Kd2 Rab8 25.Rd3 Re6 26.Rh1 h6 27.Rh5 
Rh8 28.Ke3 g6 29.Rh2 Kg7 30.Rd1 Rb8 31.Rd3 Ree8 32.Kd2 Rh8 33.Kc2 Kf6 34.
Rd1 Rh7 35.Rdh1 Rbh8 36.Kd3 h5 37.gxh5 Rxh5 38.Rxh5 gxh5 39.Ke3 Kg5 40.Ke2
Rb8 41.Rb1 h4 42.Ke3 Kf6 43.Kf2 Ke6 44.Ke3 c6 45.Ke2 d5 46.exd5+ cxd5 47.
cxd5+ Kxd5 48.Rd1+ Ke6 49.Rd3 Rb4 50.Rc3 Kd5 51.Rd3+ Rd4 52.Rc3 c4 53.Ke3 
cxb3 54.Rxb3 Rxa4 55.Rb5+ Ke6 56.Rb6+ Kf5 57.Ra6 Ra3+ 58.Kf2 Ra2+ 59.Kg1 
h3 60.gxh3 Kf4 61.Rf6+ Kg3 62.Kf1 Rf2+ 63.Ke1 Rxf3 64.Rg6+ Kf4 65.h4 a4 
66.Ra6 a3 67.h5 Rh3 68.Kd1 e4 69.h6 Kf3 70.h7 Rxh7 71.Rxa3+ e3 72.Ra8 Rh1+
73.Kc2 e2 74.Rf8+ Kg4 75.Rg8+ Kf5 76.Rf8+ Kg6 0-1

[Event "119th NZL-ch op"]
[Site "Queenstown NZL"]
[Date "2012.01.18"]
[Round "4"]
[White "Cheng, Bobby"]
[Black "Machdoem, Andhika"]
[Result "1-0"]
[WhiteElo "2375"]
[BlackElo "2129"]
[EventDate "2012.01.15"]
[PlyCount "81"]

1.Nf3 Nf6 2.d4 e6 3.c4 Bb4+ 4.Nbd2 O-O 5.a3 Bxd2+ 6.Qxd2 b6 7.e3 Bb7 8.Be2
d6 9.O-O Nbd7 10.b4 Qe7 11.Bb2 a5 12.Rfd1 axb4 13.axb4 Rxa1 14.Rxa1 Ra8 
15.Rc1 Ne4 16.Qc2 f5 17.d5 c5 18.dxc6 Bxc6 19.Ra1 Rxa1+ 20.Bxa1 e5 21.Qa2 
Kf8 22.c5 bxc5 23.b5 Bb7 24.Qa7 Bd5 25.Qc7 Ke8 26.b6 Qd8 27.Ba6 Qb8 28.
Bxe5 Qa8 29.Bb5 dxe5 30.Qxd7+ Kf8 31.Qxf5+ Nf6 32.Nxe5 Ke7 33.Qg5 Ke6 34.
Bf1 Qa1 35.Nd3 Kf7 36.e4 h6 37.Qe5 Qxe5 38.Nxe5+ Ke6 39.exd5+ Kxe5 40.Bb5 
Kd6 41.Bc6 1-0

[Event "119th NZL-ch op"]
[Site "Queenstown NZL"]
[Date "2012.01.18"]
[Round "4"]
[White "Cooper, Nigel"]
[Black "Goodhue, Nathan"]
[Result "0-1"]
[WhiteElo "1802"]
[BlackElo "1945"]
[EventDate "2012.01.15"]
[PlyCount "112"]

1.d4 g6 2.e4 Bg7 3.Be3 d6 4.Qd2 a6 5.f3 Nd7 6.Ne2 b5 7.g4 h5 8.gxh5 Rxh5 
9.Ng3 Rh8 10.Nc3 Bb7 11.O-O-O c6 12.Be2 Qa5 13.b3 c5 14.h4 Rc8 15.Kb2 b4 
16.Nb1 Ngf6 17.a4 cxd4 18.Bxd4 Nc5 19.c3 bxc3+ 20.Bxc3 Qb6 21.Bc4 Nxa4+ 
22.Ka2 Nxc3+ 23.Nxc3 Qb4 24.Rc1 d5 25.exd5 Nxd5 26.Nge4 Nxc3+ 27.Nxc3 Qa5+
28.Kb2 Rd8 29.Qf4 Qf5 30.Qc7 Qd7 31.Qf4 Qd2+ 32.Qxd2 Rxd2+ 33.Rc2 Bxc3+ 
34.Kxc3 Rxc2+ 35.Kxc2 Bxf3 36.Rf1 Be4+ 37.Kc3 f5 38.Ra1 Bb7 39.Bxa6 Bxa6 
40.Rxa6 Kf7 41.b4 Rxh4 42.b5 Rh8 43.Kd4 Rb8 44.Kc5 g5 45.Kc6 g4 46.b6 Kf6 
47.Kc7 Rxb6 48.Rxb6+ Kg5 49.Kd7 f4 50.Kxe7 f3 51.Rb8 f2 52.Rf8 g3 53.Ke6 
Kg4 54.Ke5 Kh3 55.Ke4 Kg2 56.Ke3 f1=Q 0-1

[Event "119th NZL-ch op"]
[Site "Queenstown NZL"]
[Date "2012.01.18"]
[Round "4"]
[White "Dive, Russell John"]
[Black "Johansen, Darryl"]
[Result "0-1"]
[WhiteElo "2345"]
[BlackElo "2403"]
[EventDate "2012.01.15"]
[PlyCount "90"]

1.c4 Nf6 2.g3 c6 3.b3 d5 4.Bb2 Bg4 5.h3 Bh5 6.Bg2 e6 7.Nf3 Nbd7 8.O-O Bd6 
9.d4 Qb8 10.Nbd2 O-O 11.g4 Bg6 12.Nh4 Qd8 13.Nxg6 hxg6 14.f4 Qe7 15.c5 Bc7
16.b4 a5 17.a3 b6 18.e3 Ra6 19.Qe2 Rfa8 20.h4 Qd8 21.g5 Nh5 22.Qf2 axb4 
23.axb4 Rxa1 24.Rxa1 Rxa1+ 25.Bxa1 Qa8 26.Bb2 Qa4 27.Nf1 Qxb4 28.cxb6 Nxb6
29.Qc2 Nc4 30.Bc3 Qa3 31.Kf2 Ba5 32.Bxa5 Qxa5 33.Bf3 c5 34.dxc5 Qxc5 35.
Bxh5 gxh5 36.g6 Nd6 37.gxf7+ Kxf7 38.Qh7 Ne4+ 39.Kg1 Nf6 40.Qd3 Qc1 41.Qe2
Qb1 42.Kh2 Qe4 43.Kg3 Qh1 44.Qg2 Ne4+ 45.Kf3 Qxf1+ 0-1

[Event "119th NZL-ch op"]
[Site "Queenstown NZL"]
[Date "2012.01.18"]
[Round "4"]
[White "Dordevic, Ivan"]
[Black "Dragicevic, Domagoj"]
[Result "0-1"]
[WhiteElo "2060"]
[BlackElo "2277"]
[EventDate "2012.01.15"]
[PlyCount "44"]

1.e4 c5 2.Nf3 e6 3.d4 cxd4 4.Nxd4 a6 5.Nc3 Qc7 6.Be2 b5 7.O-O Bb7 8.Bf3 
Nc6 9.Re1 Ne5 10.Bf4 d6 11.a4 b4 12.Nd5 exd5 13.exd5 Nf6 14.Nf5 Nd7 15.Qd4
g6 16.Bxe5 Nxe5 17.Ne3 Bg7 18.Qxb4 Nxf3+ 19.gxf3 O-O 20.c4 Bc8 21.Re2 Rb8 
22.Qa3 Be5 0-1

[Event "119th NZL-ch op"]
[Site "Queenstown NZL"]
[Date "2012.01.18"]
[Round "4"]
[White "Flitney, Adrian"]
[Black "Smochina, Carolina"]
[Result "0-1"]
[WhiteElo "1959"]
[BlackElo "2167"]
[EventDate "2012.01.15"]
[PlyCount "104"]

1.e4 c5 2.d4 cxd4 3.c3 d3 4.c4 Nc6 5.Bxd3 g6 6.Nf3 Bg7 7.O-O d6 8.Nc3 Bg4 
9.Be2 Rc8 10.Be3 Nf6 11.Qd2 O-O 12.Bh6 Bxf3 13.Bxf3 Bxh6 14.Qxh6 Nd4 15.b3
Rc5 16.Nd5 e6 17.Nf4 Nd7 18.Bd1 Qf6 19.Rc1 g5 20.Qxf6 Nxf6 21.Nh5 Nxh5 22.
Bxh5 a5 23.Rfd1 e5 24.Bg4 Kg7 25.Kf1 Rd8 26.Ke1 Kg6 27.Be2 h5 28.h3 Rdc8 
29.Kf1 f6 30.Ke1 b5 31.f3 Kf7 32.Bf1 Ke7 33.Kd2 b4 34.Rb1 Ra8 35.Rb2 Rc7 
36.Ke3 Rca7 37.Rdb1 a4 38.Kd3 axb3 39.axb3 Ra2 40.Be2 Rxb2 41.Rxb2 Ra1 42.
Ke3 h4 43.Kf2 Rc1 44.g4 hxg3+ 45.Kxg3 Ra1 46.Kg2 Ne6 47.Kf2 Rc1 48.Kg2 
Nf4+ 49.Kg3 Rg1+ 50.Kf2 Nxh3+ 51.Ke3 Nf4 52.Bd3 g4 0-1

[Event "119th NZL-ch op"]
[Site "Queenstown NZL"]
[Date "2012.01.18"]
[Round "4"]
[White "Fuatai, Fuatai"]
[Black "Drummond, Matthew"]
[Result "0-1"]
[WhiteElo "2031"]
[BlackElo "2227"]
[EventDate "2012.01.15"]
[PlyCount "76"]

1.e4 e6 2.d4 d5 3.Nc3 Bb4 4.e5 b6 5.Qg4 Bf8 6.Bg5 Qd7 7.f4 h6 8.Bh4 h5 9.
Qh3 Ba6 10.Nf3 Bxf1 11.Rxf1 Nc6 12.O-O-O Nge7 13.Bxe7 Nxe7 14.Ng5 g6 15.
Kb1 Nf5 16.g4 Nh6 17.f5 hxg4 18.fxe6 fxe6 19.Qd3 Nf5 20.Rg1 Rh4 21.Nb5 
O-O-O 22.h3 g3 23.Rh1 c6 24.Nd6+ Bxd6 25.exd6 Rxd4 26.Qa6+ Qb7 27.d7+ Rxd7
28.Qa3 Rxd1+ 29.Rxd1 Re7 30.Re1 Qd7 31.Nf3 Rh7 32.Ne5 Qd6 33.Qf3 Rg7 34.c3
a5 35.a4 g5 36.Qh5 g2 37.Qg4 Nh4 38.Nf3 Qf4 0-1

[Event "119th NZL-ch op"]
[Site "Queenstown NZL"]
[Date "2012.01.18"]
[Round "4"]
[White "Gao, Hans"]
[Black "Burns, Christopher John"]
[Result "1-0"]
[WhiteElo "1924"]
[BlackElo "2022"]
[EventDate "2012.01.15"]
[PlyCount "99"]

1.e4 e5 2.Bc4 Nf6 3.d3 Bc5 4.Nf3 Nc6 5.c3 a6 6.Bb3 Ba7 7.h3 h6 8.Nbd2 d6 
9.Nf1 d5 10.Qe2 dxe4 11.dxe4 Nd7 12.Ng3 Qf6 13.Nh5 Qg6 14.Nh4 Qh7 15.Nf5 
g6 16.Nhg7+ Kf8 17.Qc4 Qg8 18.Nxh6 Qxg7 19.Nxf7 Rh7 20.Bh6 Rxh6 21.Nxh6 
Nc5 22.Ng4 Be6 23.Qe2 Nxb3 24.axb3 Bxb3 25.O-O Kg8 26.Kh1 Rf8 27.g3 Nd8 
28.c4 Nc6 29.Qd3 Nd4 30.Ne3 Ba4 31.Rxa4 Qd7 32.Ng4 Qxa4 33.Nxe5 Qe8 34.f4 
Qe6 35.Kg2 c5 36.h4 Bb8 37.Nf3 Rd8 38.Rd1 Qg4 39.e5 Bc7 40.Nh2 Qe6 41.Qe4 
b5 42.cxb5 axb5 43.b4 Qc6 44.Rxd4 Qxe4+ 45.Rxe4 c4 46.Ng4 Rd2+ 47.Kf3 c3 
48.e6 Rd4 49.Rxd4 c2 50.Nf6+ 1-0

[Event "119th NZL-ch op"]
[Site "Queenstown NZL"]
[Date "2012.01.18"]
[Round "4"]
[White "Garbett, Paul Anthony"]
[Black "Liu, Yi"]
[Result "1-0"]
[WhiteElo "2290"]
[BlackElo "2072"]
[EventDate "2012.01.15"]
[PlyCount "107"]

1.e4 e6 2.d4 d5 3.Nd2 Nf6 4.e5 Nfd7 5.f4 c5 6.c3 Nc6 7.Ndf3 Qb6 8.Ne2 f6 
9.Qb3 Be7 10.g3 cxd4 11.Nexd4 Nxd4 12.Nxd4 fxe5 13.Qxb6 Nxb6 14.fxe5 O-O 
15.Bh3 Nc4 16.Rf1 Nxe5 17.Bxe6+ Bxe6 18.Nxe6 Nf3+ 19.Ke2 Nxh2 20.Rh1 Rf6 
21.Nc7 Rc8 22.Bf4 Bd6 23.Nxd5 Re6+ 24.Kd3 Ng4 25.Rhe1 Rce8 26.Rxe6 Rxe6 
27.Bxd6 Rxd6 28.c4 Nf6 29.Kd4 Kf7 30.Rf1 h5 31.b4 g5 32.a4 b6 33.Rf5 Kg6 
34.Rf1 Kf7 35.Rh1 a6 36.Rf1 Re6 37.b5 axb5 38.axb5 Rd6 39.Ra1 Nxd5 40.cxd5
h4 41.gxh4 gxh4 42.Ra7+ Kg6 43.Ke5 Rd8 44.d6 h3 45.Ra3 Rh8 46.d7 h2 47.Ra1
Kf7 48.Kd6 h1=R 49.Rxh1 Rxh1 50.d8=Q Rd1+ 51.Kc7 Rxd8 52.Kxd8 Ke6 53.Kc7 
Kd5 54.Kxb6 1-0

[Event "119th NZL-ch op"]
[Site "Queenstown NZL"]
[Date "2012.01.18"]
[Round "4"]
[White "Gloistein, Bruce"]
[Black "Davies, Geoff"]
[Result "0-1"]
[WhiteElo "1787"]
[BlackElo "1943"]
[EventDate "2012.01.15"]
[PlyCount "130"]

1.d4 d5 2.Nf3 e6 3.e3 Nf6 4.Bd3 c5 5.c3 Nbd7 6.O-O b6 7.Nbd2 Bb7 8.Qe2 Be7
9.Re1 O-O 10.e4 dxe4 11.Nxe4 Nxe4 12.Bxe4 Bxe4 13.Qxe4 Nf6 14.Qe2 Rc8 15.
dxc5 Rxc5 16.h3 Qc7 17.Ng5 Rc6 18.Nf3 Qc8 19.Bd2 Rd8 20.Rad1 Rcd6 21.Nd4 
Qd7 22.Nf3 Qa4 23.Nd4 Qd7 24.a3 Rd5 25.Nf3 Qc7 26.Be3 Bc5 27.Bd4 Bxd4 28.
cxd4 Qd6 29.Qc2 h6 30.Qe2 Rc8 31.Qd3 Qc7 32.Rc1 Qxc1 33.Rxc1 Rxc1+ 34.Kh2 
Rd7 35.Ne5 Rdc7 36.Qf3 R1c2 37.Nd3 Nd5 38.h4 a5 39.Qg3 Rd2 40.Qf3 Rc4 41.
Ne5 Rc7 42.Nd3 b5 43.g4 Rcc2 44.Kg3 b4 45.a4 g6 46.g5 h5 47.Ne5 Rxf2 48.
Qxf2 Rxf2 49.Kxf2 Ne7 50.Nc4 Nc6 51.Ke3 Kg7 52.Ne5 Nd8 53.Nd7 Nc6 54.Ne5 
Ne7 55.Nf3 f6 56.gxf6+ Kxf6 57.Ke4 Nd5 58.Ng5 Ke7 59.Ke5 Nc3 60.Nxe6 Nxa4 
61.d5 Nxb2 62.d6+ Ke8 63.Kd5 Nd3 64.Kc6 Ne5+ 65.Kc7 b3 0-1

[Event "119th NZL-ch op"]
[Site "Queenstown NZL"]
[Date "2012.01.18"]
[Round "4"]
[White "Guo, Emma"]
[Black "Brown, Andrew"]
[Result "0-1"]
[WhiteElo "2010"]
[BlackElo "2215"]
[EventDate "2012.01.15"]
[PlyCount "78"]

1.e4 c5 2.Nf3 Nc6 3.d4 cxd4 4.Nxd4 Nf6 5.Nc3 e5 6.Ndb5 d6 7.Bg5 a6 8.Na3 
b5 9.Bxf6 gxf6 10.Nd5 Bg7 11.c3 f5 12.exf5 Bxf5 13.Nc2 O-O 14.Nce3 Be6 15.
Bd3 f5 16.O-O Ra7 17.f4 e4 18.Bc2 Kh8 19.Kh1 Qa8 20.Bb3 Rb7 21.Nb4 Bxb3 
22.Qxb3 Nxb4 23.cxb4 Rc7 24.Rad1 Qc6 25.Rd5 Bh6 26.Qd1 Bg7 27.Qd2 Qd7 28.
Rxd6 Qf7 29.Rd5 Qe6 30.Nxf5 Rxf5 31.Rd6 Qxa2 32.Rd1 Qc4 33.Rd8+ Rf8 34.Qd6
Rf7 35.h3 Rxd8 36.Qxd8+ Rf8 37.Qd6 e3 38.Qxa6 e2 39.Re1 Qxf4 0-1

[Event "119th NZL-ch op"]
[Site "Queenstown NZL"]
[Date "2012.01.18"]
[Round "4"]
[White "Hansen, Sune Berg"]
[Black "Reilly, Tim"]
[Result "1/2-1/2"]
[WhiteElo "2572"]
[BlackElo "2266"]
[EventDate "2012.01.15"]
[PlyCount "121"]

1.e4 d6 2.d4 Nf6 3.Nc3 g6 4.Be3 c6 5.h3 Bg7 6.f4 O-O 7.Qf3 Qa5 8.Bd3 Na6 
9.Ne2 Nb4 10.O-O Nxd3 11.cxd3 b5 12.g4 b4 13.Nd1 Ba6 14.Nf2 Nd7 15.f5 c5 
16.g5 cxd4 17.Nxd4 Ne5 18.Qg3 Rac8 19.a3 b3 20.Rad1 Qa4 21.f6 exf6 22.Nf5 
fxg5 23.Ne7+ Kh8 24.Nxc8 Rxc8 25.Bxg5 Qd4 26.Bc1 Rc2 27.Kh1 h5 28.Qe3 Qxe3
29.Bxe3 Rxb2 30.Rb1 Nxd3 31.Rxb2 Nxb2 32.Rb1 Bc4 33.Bxa7 Na4 34.Nd1 b2 35.
Nxb2 Nxb2 36.Kg2 Bd3 37.Re1 Bc3 38.Re3 Bd2 39.Bd4+ Kh7 40.Kf3 Bxe3 41.Kxe3
Bf1 42.Bxb2 Bxh3 43.Bf6 Bd7 44.Kf4 Bc6 45.Be7 Kg7 46.Bxd6 f6 47.Be7 g5+ 
48.Ke3 Kg6 49.Bd8 h4 50.Be7 h3 51.Bd6 Kh5 52.Bc7 Kh4 53.Bh2 Kh5 54.Bc7 Kg6
55.Bb8 Kf7 56.Bh2 Ke6 57.Bg1 Kd6 58.Kd4 Kc7 59.Ke3 Kb7 60.Kf3 f5 61.Kg3 
1/2-1/2

[Event "119th NZL-ch op"]
[Site "Queenstown NZL"]
[Date "2012.01.18"]
[Round "4"]
[White "Haznedaroglu, Kivanc"]
[Black "Li Zuhao, Luke"]
[Result "1/2-1/2"]
[WhiteElo "2455"]
[BlackElo "2165"]
[EventDate "2012.01.15"]
[PlyCount "80"]

1.d4 e6 2.Nf3 Nf6 3.g3 c5 4.Bg2 cxd4 5.Nxd4 d5 6.O-O Nc6 7.c4 Bc5 8.Nb3 
Be7 9.cxd5 exd5 10.Nc3 Be6 11.Nd4 Nxd4 12.Qxd4 O-O 13.b3 Qd7 14.Rd1 Rfd8 
15.Bb2 b6 16.e3 Rac8 17.Qd3 Bc5 18.Ne2 Bf5 19.Qa6 Qe7 20.Nd4 Bg4 21.Re1 h6
22.a3 Bxd4 23.Bxd4 Rc2 24.Rec1 Be2 25.Qa4 Rdc8 26.Rxc2 Rxc2 27.b4 Bd3 28.
Rd1 Bg6 29.Bf3 Qe6 30.Qxa7 Kh7 31.Qa6 Qf5 32.Be2 Ne4 33.Rf1 Rc1 34.f3 
Rxf1+ 35.Kxf1 Ng5 36.g4 Qb1+ 37.Kg2 Qe1 38.Bxb6 h5 39.h3 h4 40.Bc7 Ne4 
1/2-1/2

[Event "119th NZL-ch op"]
[Site "Queenstown NZL"]
[Date "2012.01.18"]
[Round "4"]
[White "Holdaway, Stewart"]
[Black "Lovejoy, David"]
[Result "0-1"]
[WhiteElo "1746"]
[BlackElo "1939"]
[EventDate "2012.01.15"]
[PlyCount "118"]

1.e4 e5 2.Nf3 Nc6 3.Bb5 a6 4.Bxc6 dxc6 5.O-O Bd6 6.d4 exd4 7.Nxd4 f6 8.Nc3
Ne7 9.Be3 O-O 10.Qe2 Qe8 11.Qc4+ Kh8 12.Qe2 Qg6 13.f4 c5 14.f5 Qf7 15.Nb3 
b6 16.Bf4 Bb7 17.Rad1 Rad8 18.e5 fxe5 19.Bxe5 Nxf5 20.g4 Qg6 21.Bxd6 Nxd6 
22.h3 h5 23.Qe7 Qe8 24.Rxf8+ Qxf8 25.Qxf8+ Rxf8 26.Nd5 Ne8 27.gxh5 c4 28.
Nc1 Rf7 29.Ne2 Nf6 30.Ndf4 Rd7 31.Rxd7 Nxd7 32.Kf2 c5 33.Nc3 Kg8 34.Ncd5 
Kf7 35.c3 b5 36.Ke3 Nf6 37.Nc7 Bc8 38.Kf3 Ke7 39.Ncd5+ Nxd5 40.Nxd5+ Kd6 
41.Nf4 Bf5 42.h4 Ke5 43.Ke3 Bc2 44.Ng6+ Bxg6 45.hxg6 Kf5 46.Kf3 b4 47.Kg3 
a5 48.a4 Kxg6 49.Kg4 Kh6 50.h5 g6 51.hxg6 Kxg6 52.Kf4 Kf6 53.Ke4 Ke6 54.
cxb4 axb4 55.Ke3 Kd6 56.Kd2 Kc6 57.Kc2 Kb6 58.b3 cxb3+ 59.Kxb3 Ka5 0-1

[Event "119th NZL-ch op"]
[Site "Queenstown NZL"]
[Date "2012.01.18"]
[Round "4"]
[White "Holt, Kenneth"]
[Black "Andersson, Christin"]
[Result "1/2-1/2"]
[WhiteElo "1914"]
[BlackElo "2123"]
[EventDate "2012.01.15"]
[PlyCount "125"]

1.d4 d5 2.c4 c6 3.Nf3 Nf6 4.Nc3 e6 5.e3 Bd6 6.Be2 O-O 7.O-O b6 8.Ne5 Bb7 
9.f4 Nbd7 10.b3 Re8 11.a4 Nf8 12.Ba3 Bxa3 13.Rxa3 Ng6 14.Ra2 Qd6 15.Bd3 
Rad8 16.Qc2 a6 17.a5 c5 18.Rd1 cxd4 19.exd4 Nxf4 20.axb6 Nxd3 21.Qxd3 Qxb6
22.c5 Qc7 23.Rf1 Re7 24.Raf2 Nd7 25.Nxf7 Rf8 26.Ng5 Nf6 27.Qh3 Bc8 28.Qf3 
Qd8 29.Qd3 Qe8 30.b4 Qh5 31.Qg3 Qg6 32.Ne2 h6 33.Nf3 Qxg3 34.Nxg3 Rb7 35.
Rb2 Bd7 36.Ne5 Bb5 37.Re1 Rfb8 38.Ra1 Rc7 39.h3 Nd7 40.Nxd7 Rxd7 41.Ne2 
Rf7 42.Nc3 Bc4 43.Na4 Rfb7 44.Nb6 Rxb6 45.cxb6 Rxb6 46.Ra5 Rb8 47.Rc5 Rb7 
48.Kf2 Rf7+ 49.Ke3 Rf1 50.Rc8+ Kh7 51.Rc6 Re1+ 52.Kf2 Re4 53.Rd2 Kg6 54.g3
h5 55.h4 Kf5 56.Rc8 Kf6 57.Rf8+ Ke7 58.Rf4 Rxf4+ 59.gxf4 Kf6 60.Ke3 Kf5 
61.Rg2 g6 62.Rg5+ Kf6 63.Rg1 1/2-1/2

[Event "119th NZL-ch op"]
[Site "Queenstown NZL"]
[Date "2012.01.18"]
[Round "4"]
[White "Jackson, L. Ross"]
[Black "Yao Yow Jen, Winston"]
[Result "1-0"]
[WhiteElo "1947"]
[BlackElo "1807"]
[EventDate "2012.01.15"]
[PlyCount "105"]

1.d4 Nf6 2.c4 e6 3.Nc3 Bb4 4.Qc2 O-O 5.a3 Bxc3+ 6.Qxc3 d5 7.Nf3 b6 8.cxd5 
Nxd5 9.Qc2 h6 10.e4 Nf6 11.Bf4 c6 12.Rd1 Bb7 13.Bd3 Nh5 14.Be3 Nf6 15.O-O 
Qc7 16.h3 Nbd7 17.Rc1 Rac8 18.b4 Qb8 19.Qb1 Qa8 20.Nd2 Qb8 21.f4 Rfe8 22.
Be2 Qa8 23.Bf3 Qb8 24.g3 Rcd8 25.Rfd1 Rc8 26.Bf2 Rcd8 27.Nc4 b5 28.Na5 Rc8
29.Qd3 Red8 30.Qe3 Nb6 31.g4 Na4 32.h4 Nd7 33.g5 hxg5 34.hxg5 Ndb6 35.Rd2 
Kf8 36.Kg2 Ke7 37.Rdc2 Rh8 38.Bg3 Qa8 39.Re1 Nd7 40.f5 Rcf8 41.Qf4 e5 42.
dxe5 Nab6 43.f6+ gxf6 44.exf6+ Ke8 45.Qd6 Nc8 46.Qd2 Rh7 47.Bg4 Ncb6 48.
Qd6 Kd8 49.Qc7+ Ke8 50.Nxb7 Rfh8 51.Rxc6 a6 52.Qd6 Qxb7 53.Qe7# 1-0

[Event "119th NZL-ch op"]
[Site "Queenstown NZL"]
[Date "2012.01.18"]
[Round "4"]
[White "Johnson, Quentin"]
[Black "Ikeda, Junta"]
[Result "0-1"]
[WhiteElo "2127"]
[BlackElo "2349"]
[EventDate "2012.01.15"]
[PlyCount "38"]

1.d4 Nf6 2.c4 e6 3.Nf3 b6 4.g3 Ba6 5.b3 b5 6.Qc2 bxc4 7.bxc4 Bb7 8.Nc3 Bb4
9.Bd2 c5 10.Bg2 O-O 11.O-O cxd4 12.Nxd4 Bxg2 13.Kxg2 Bc5 14.Nb3 Be7 15.Bf4
Nh5 16.Be3 d6 17.Qd3 Nc6 18.Nd5 exd5 19.Qxd5 Ne5 0-1

[Event "119th NZL-ch op"]
[Site "Queenstown NZL"]
[Date "2012.01.18"]
[Round "4"]
[White "Jones, Brian"]
[Black "Stojic, Dusan"]
[Result "0-1"]
[WhiteElo "2092"]
[BlackElo "2294"]
[EventDate "2012.01.15"]
[PlyCount "54"]

1.d4 Nf6 2.c4 g6 3.Nc3 d5 4.Nf3 Bg7 5.Bg5 Ne4 6.cxd5 Nxg5 7.Nxg5 e6 8.Qd2 
exd5 9.Qe3+ Kf8 10.Nh3 c5 11.dxc5 d4 12.Qd2 Nc6 13.Ne4 Qd5 14.f3 Bxh3 15.
gxh3 f5 16.Bg2 fxe4 17.fxe4 Qe5 18.O-O+ Ke7 19.b4 a6 20.a4 Rhf8 21.b5 axb5
22.axb5 Rxa1 23.Rxa1 Qxc5 24.Rc1 Qxb5 25.e5 Qxe5 26.Qb2 Qc7 27.h4 Be5 0-1

[Event "119th NZL-ch op"]
[Site "Queenstown NZL"]
[Date "2012.01.18"]
[Round "4"]
[White "Jones, Gawain"]
[Black "Chen, Pengyu"]
[Result "1-0"]
[WhiteElo "2653"]
[BlackElo "2056"]
[EventDate "2012.01.15"]
[PlyCount "45"]

1.e4 c6 2.d4 d5 3.e5 c5 4.dxc5 e6 5.a3 Nc6 6.Nf3 Bxc5 7.b4 Bb6 8.Bd3 Qc7 
9.Bb2 Nge7 10.O-O Ng6 11.Re1 O-O 12.Nbd2 f6 13.Bxg6 hxg6 14.c4 a5 15.c5 
Ba7 16.exf6 gxf6 17.b5 Bxc5 18.bxc6 Qb6 19.Qc2 Bxf2+ 20.Kh1 Kg7 21.Rf1 
bxc6 22.Nb1 Be3 23.Ne5 1-0

[Event "119th NZL-ch op"]
[Site "Queenstown NZL"]
[Date "2012.01.18"]
[Round "4"]
[White "Judkins, Gary"]
[Black "Koerber, Matthias"]
[Result "0-1"]
[WhiteElo "1619"]
[BlackElo "1916"]
[EventDate "2012.01.15"]
[PlyCount "80"]

1.e4 c5 2.Nf3 e6 3.Bc4 d6 4.c3 Nf6 5.O-O Nc6 6.d4 cxd4 7.cxd4 Nxe4 8.Re1 
d5 9.Bb3 Bd6 10.Nc3 Nxc3 11.bxc3 O-O 12.Be3 Ne7 13.Bc2 f5 14.Ng5 h6 15.Nf3
Ng6 16.Bc1 Bd7 17.Bb3 Rc8 18.Bb2 Nh4 19.Ne5 Bxe5 20.Rxe5 Qg5 21.g3 Ng6 22.
Bc1 Qf6 23.f4 Rxc3 24.Re3 Rfc8 25.Rxc3 Rxc3 26.Bb2 Rc8 27.Rc1 Ne7 28.Rxc8+
Nxc8 29.Qc2 Qd8 30.Ba3 Qa5 31.Bb2 Nd6 32.Bc3 Qb6 33.Qd2 Ne4 34.Qe1 Qa6 35.
Bb4 Qd3 36.Qd1 Qe3+ 37.Kg2 Qf2+ 38.Kh1 Bb5 39.Bc2 Be2 40.Qxe2 Qxe2 0-1

[Event "119th NZL-ch op"]
[Site "Queenstown NZL"]
[Date "2012.01.18"]
[Round "4"]
[White "Kempen, Leon"]
[Black "Press, Harry"]
[Result "1-0"]
[WhiteElo "1999"]
[BlackElo "1884"]
[EventDate "2012.01.15"]
[PlyCount "85"]

1.d4 Nf6 2.c4 c5 3.dxc5 Qa5+ 4.Nc3 g6 5.Bd2 Qxc5 6.e3 Bg7 7.Nf3 d6 8.Be2 
Nbd7 9.b4 Qc7 10.Rc1 O-O 11.O-O b6 12.Nd5 Qd8 13.Qb3 Ba6 14.Nxf6+ Nxf6 15.
Rfd1 Ne4 16.Be1 Qd7 17.Bd3 Bb7 18.Nd4 Rfc8 19.f3 Ng5 20.Bf2 e5 21.Nb5 a6 
22.Nc3 Bxf3 23.gxf3 Nxf3+ 24.Kh1 Qh3 25.Bg3 Nxh2 26.Bxh2 Qf3+ 27.Kg1 Qxe3+
28.Kg2 Qg5+ 29.Kh1 Qh5 30.Be4 Ra7 31.Nd5 Qh4 32.Bg2 Bh6 33.Rc2 Kg7 34.Nxb6
Rb8 35.Nd5 Qh5 36.Rf1 f5 37.Qc3 Rf7 38.c5 f4 39.cxd6 Rbf8 40.Qf3 Qf5 41.
Rc7 e4 42.Qxe4 f3 43.Qxf3 1-0

[Event "119th NZL-ch op"]
[Site "Queenstown NZL"]
[Date "2012.01.18"]
[Round "4"]
[White "Li Chao"]
[Black "Xie, George Wendi"]
[Result "1-0"]
[WhiteElo "2693"]
[BlackElo "2459"]
[EventDate "2012.01.15"]
[PlyCount "77"]

1.d4 Nf6 2.c4 e6 3.g3 c5 4.d5 exd5 5.cxd5 d6 6.Nc3 g6 7.Bg2 Bg7 8.Nf3 O-O 
9.O-O a6 10.a4 Re8 11.Bf4 Nh5 12.Bg5 Qc7 13.h3 Nd7 14.Qd2 Rb8 15.Rac1 Qb6 
16.e4 c4 17.g4 Nhf6 18.Qf4 h5 19.a5 Qxb2 20.Bxf6 Nxf6 21.e5 Nxg4 22.e6 Nh6
23.Qxd6 Bxe6 24.dxe6 Bxc3 25.exf7+ Nxf7 26.Qxg6+ Bg7 27.Rxc4 b5 28.Rf4 Qa2
29.Nd4 Re5 30.Nf5 Rxf5 31.Rxf5 Rd8 32.Bd5 Qxd5 33.Rxd5 Rxd5 34.Qxa6 b4 35.
Qa8+ Rd8 36.Qb7 Ng5 37.a6 Nxh3+ 38.Kh1 Rd4 39.Qc8+ 1-0

[Event "119th NZL-ch op"]
[Site "Queenstown NZL"]
[Date "2012.01.18"]
[Round "4"]
[White "Li Xiang Wei, William"]
[Black "Benson, Christopher"]
[Result "1-0"]
[WhiteElo "1672"]
[BlackElo "1924"]
[EventDate "2012.01.15"]
[PlyCount "53"]

1.e4 e5 2.Nf3 Nc6 3.Bb5 a6 4.Ba4 Nf6 5.d3 h6 6.Bxc6 bxc6 7.Nxe5 Bb7 8.O-O 
Bc5 9.c3 Qe7 10.Nf3 O-O-O 11.Nbd2 Bb6 12.a4 g5 13.Qb3 g4 14.Ne1 g3 15.hxg3
Rhg8 16.Nc4 Ba7 17.Na5 Ba8 18.Qc4 Bb7 19.Nxb7 Kxb7 20.Ra3 Ng4 21.Nf3 Ne5 
22.Nxe5 Qxe5 23.Bf4 Qg7 24.Rb3+ Ka8 25.Qxa6 Rb8 26.Be3 c5 27.Bxc5 1-0

[Event "119th NZL-ch op"]
[Site "Queenstown NZL"]
[Date "2012.01.18"]
[Round "4"]
[White "Lukey, Stephen"]
[Black "Fairbairn, Stephen"]
[Result "1-0"]
[WhiteElo "2261"]
[BlackElo "2052"]
[EventDate "2012.01.15"]
[PlyCount "153"]

1.d4 Nf6 2.c4 e5 3.dxe5 Ng4 4.Bf4 Nc6 5.Nf3 Bb4+ 6.Nbd2 Qe7 7.a3 Ngxe5 8.
Nxe5 Nxe5 9.e3 Bxd2+ 10.Qxd2 d6 11.Be2 O-O 12.O-O b6 13.b4 Bb7 14.Rac1 
Rfd8 15.Rfd1 Ng6 16.Bg3 a5 17.Qb2 axb4 18.axb4 Bc6 19.Rd2 Nh4 20.Qd4 Nf5 
21.Qf4 Nxg3 22.hxg3 Ra4 23.Rb2 Qe4 24.Qxe4 Bxe4 25.f3 Bg6 26.c5 dxc5 27.
bxc5 bxc5 28.Rxc5 Ra7 29.e4 f6 30.Rbc2 Rd7 31.Bb5 Re7 32.Kf2 h6 33.Rd2 Kh7
34.Ke3 Be8 35.Bd3 Bg6 36.f4 Ra3 37.f5 Bf7 38.Rdc2 Rd7 39.R5c3 Rxc3 40.Rxc3
Kg8 41.Bb5 Re7 42.Rc5 Kh7 43.Kd4 Ba2 44.Bc6 Bf7 45.g4 Be8 46.Bd5 Bf7 47.
Bb7 Rd7+ 48.Ke3 Re7 49.Bc8 Ba2 50.g3 Bf7 51.Kd4 Bg8 52.Rc1 Bf7 53.Rc2 Kg8 
54.Ba6 Rd7+ 55.Ke3 Re7 56.Rc5 Kh7 57.Bb5 Be8 58.Bxe8 Rxe8 59.Rxc7 Re5 60.
Rd7 Ra5 61.Rd3 Kg8 62.Kf3 Kf7 63.Rd7+ Kf8 64.Kf4 Ra4 65.Rb7 Ra5 66.g5 
hxg5+ 67.Kg4 Ra4 68.Kh5 Rxe4 69.Kg6 Rg4 70.Rxg7 Rxg3 71.Rf7+ Ke8 72.Rxf6 
g4 73.Re6+ Kf8 74.f6 Rd3 75.Re4 g3 76.Rh4 Ke8 77.f7+ 1-0

[Event "119th NZL-ch op"]
[Site "Queenstown NZL"]
[Date "2012.01.18"]
[Round "4"]
[White "Ly, Moulthun"]
[Black "Zhao Xue"]
[Result "1/2-1/2"]
[WhiteElo "2376"]
[BlackElo "2551"]
[EventDate "2012.01.15"]
[PlyCount "83"]

1.Nf3 Nf6 2.d4 e6 3.g3 b5 4.Bg2 d5 5.O-O Nbd7 6.a4 b4 7.c4 bxc3 8.bxc3 Ba6
9.Na3 Ne4 10.Qc2 Be7 11.Ne5 Nxe5 12.dxe5 f5 13.exf6 Nxf6 14.Nb5 Kf7 15.c4 
c6 16.cxd5 cxd5 17.Bh3 Rc8 18.Qb2 Bc5 19.Qe5 Re8 20.Be3 Qd7 21.Rfc1 Bxb5 
22.Bxc5 Bc4 23.Qe3 Rb8 24.Rcb1 Rb7 25.Rxb7 Qxb7 26.Bxa7 e5 27.Qb6 Qxb6 28.
Bxb6 Bxe2 29.a5 Ba6 30.Rc1 d4 31.Bf1 d3 32.f3 Nd5 33.Rd1 Nc3 34.Bxd3 Nxd1 
35.Bxa6 Nc3 36.Bb7 Re6 37.Be3 Kf6 38.a6 Nb5 39.Bc8 Rc6 40.Bd7 Rc3 41.Bb6 
Na7 42.f4 1/2-1/2

[Event "119th NZL-ch op"]
[Site "Queenstown NZL"]
[Date "2012.01.18"]
[Round "4"]
[White "Maroroa, Sue"]
[Black "Louie, Ryan"]
[Result "1-0"]
[WhiteElo "2020"]
[BlackElo "1677"]
[EventDate "2012.01.15"]
[PlyCount "63"]

1.e4 c5 2.Nc3 Nc6 3.f4 e6 4.Nf3 Nf6 5.Bb5 Nd4 6.O-O Nxb5 7.Nxb5 Nxe4 8.Qe2
Nd6 9.Nxd6+ Bxd6 10.f5 O-O 11.fxe6 dxe6 12.d3 Bd7 13.Ne5 f6 14.Nxd7 Qxd7 
15.Rf3 Rae8 16.Bd2 f5 17.Bc3 e5 18.Re3 Rf7 19.Re1 Rfe7 20.Qf3 Bb8 21.Qh5 
e4 22.dxe4 Rxe4 23.Rxe4 Rxe4 24.Rd1 Qc7 25.g3 g6 26.Qg5 Rd4 27.Bxd4 cxd4 
28.Rxd4 Qe5 29.Rd8+ Kg7 30.Rd7+ Kf8 31.Qd8+ Qe8 32.Qf6+ 1-0

[Event "119th NZL-ch op"]
[Site "Queenstown NZL"]
[Date "2012.01.18"]
[Round "4"]
[White "Matheson, Laurence"]
[Black "Setiabudi, Allen"]
[Result "1-0"]
[WhiteElo "2167"]
[BlackElo "1966"]
[EventDate "2012.01.15"]
[PlyCount "39"]

1.d4 d5 2.c4 c6 3.cxd5 cxd5 4.Nc3 Nf6 5.Bf4 Nc6 6.e3 a6 7.Bd3 g6 8.Nge2 
Bg7 9.O-O O-O 10.h3 Be6 11.Rc1 Rc8 12.Na4 Nd7 13.Bh2 b5 14.Nac3 Qb6 15.Nf4
Nf6 16.g4 Nb4 17.Bb1 g5 18.Nxe6 Qxe6 19.a3 Nc6 20.Bf5 1-0